01000 a2200181 4500001000700000020001300007041000800020082001000028100002700038520052200065521001100587856002400598040002500622245008300647260003300730300002100763700003400784119119 q(Broch.) apor a028.5 aNaddeo, Roberto Keller aO reino está em perigo e somente um príncipe ou uma princesa pode salvá-lo. Adivinhe quem será o herói dessa história? Envoltos nesse clima de fantasia de príncipes e dragões, amizade, autoconfiança e tolerância são tratados de forma leve e divertida. Eu e o Dragão é indicado para crianças a partir de 4 anos, que começam a observar seu crescimento, orgulhar-se das pequenas vitórias quotidianas mas que ainda se sentem inseguras diante dos novos desafios que a vida lhes apresenta. aYear 1 u000034/00003429.png aBR-BrIDEAcBR-BrIDEA10aAlice e o dragãocRoberto Keller Naddeo; ilustrações de Felippe Pinheiro aSão PaulobEUnolivroc2016 a25 p.bil. color aPinheiro, FelippeeIlustrador